000 00876cab a2200289 4500
001 ABS52713
008 090401t1995 xxu||||| |||| 00| 0 eng d
035 _a(Sirsi) u92544
041 _aeng
100 _aTeale, M.
245 _aLittle indication of an upturn
260 _c1995
350 _a0
490 _aEstates Gazette
_v(9516) 22 April 1995, 198-199(2)
520 _aAnalysis of the available retail floorspace in town centres and out-of-town and the problems faced by retailers in their plans for expansion.
650 _aEXPANSION PLANS
650 _aOUT-OF-TOWN SHOPPING
650 _aRETAIL DEVELOPMENT
650 _aRETAIL PROPERTY
650 _aRETAIL SPACE
650 _aRETAILERS
650 _aSHOPPING CENTRES
650 _aVACANCY RATES
690 _aPROPERTY-COMMERCIAL PROPERTY-RETAIL PROPERTY
942 _n0
948 _c04/03/1997
999 _c58664
_d58664